000 00513nam a2200169 4500
001 120317
003 ES-MaACL
005 20231214200121.0
007 t|
008 070214s1969 sp r ||||1| spa d
245 0 0 _aPoesía hispánica 1968 /
_crecopilación y prólogo de L. Jiménez Martos.
260 _aMadrid :
_bAguilar,
_c1969.
300 _aXVIII, 318 p. ;
_c21 cm.
700 1 _aJiménez Martos, Luis,
_d1926-2003
_966562
852 _aES-MaACL
_jC-36638
_bR.69915
999 _c120317
_d120317